Research and reports in nuclear medicine

Detalles Bibliográficos
Formato: Electrónico Revista
Lenguaje:inglés
Publicado: Auckland, New Zealand : Dove Medical Press
Materias:
Acceso en línea:Full text available from Research Library: 01/01/2011 to 01/31/2016

MARC

LEADER 00000nas a2200000 a 4500
001 ssj0000605729
003 WaSeSS
005 20200512172242.0
006 m d
007 cr n
008 110809c20119999nz u| p|s|||||| |0eng d
022 |a 2230-228X  |l 2230-228X 
035 |a (WaSeSS)ssj0000605729 
040 |a WaSeSS  |c WaSeSS  |d WaSeSS 
050 4 |a R895.A1 
210 1 |a Res. rep. nucl. med. 
222 0 |a Research and reports in nuclear medicine 
245 0 0 |a Research and reports in nuclear medicine  |h [electronic resource]. 
246 1 |a Journal of research and reports in nuclear medicine 
260 |a Auckland, New Zealand :  |b Dove Medical Press 
362 1 |a Began with Volume 1 (2011). 
506 |a License restrictions may limit access. 
588 |a Description based on: Volume 1 (2011); title from title screen (Dovepress, viewed August 09, 2011). 
588 |a Latest issue consulted: Volume 1 (2011) (viewed August 09, 2011). 
650 0 |a Nuclear medicine  |x Research  |v Periodicals. 
655 0 |a Electronic journals. 
856 4 0 |z Full text available from Research Library: 01/01/2011 to 01/31/2016  |u https://search.proquest.com/publication/3933283